000 00643cam a22002171 4500
001 sa 68013645
003 DLC
005 20260227112623.0
008 890514s1967 xx 000 0 ara
010 _asa 68013645
035 _a(OCoLC)23499898
040 _aDLC
_cMiU
_dDLC
042 _apremarc
050 0 0 _aBP135.A3
_bA7
100 2 _aAsh Shiddieqy, M. Hasbi,
_cT.,
_d1906-
_ecomp.
245 1 0 _aMuḥāḍarāt fī aḥādīth al-tahdhīb.
260 _aJogjakarta,
_bBiro Kemahasiswaan "I. A. I. N. Sunan Kalidjaga,"
_c1967.
300 _a147 p.
_c21 cm.
500 _aRomanized.
650 0 _aHadith
_xCriticism, interpretation, etc.
999 _c85236
_d85236